000 00877cam a2200241 i 4500
001 42681
003 Mx-PuUPA
005 20260513113220.0
008 140415s2025 mx gr 000 0 spa d
020 _a9786078986705
040 _cMx-PuUPA
041 _aspa
082 0 4 _axx
_bxx
_223
245 _aDignidad y humanismo en contexto :
_bensayos críticos /
_cRoberto Casales García, María Elizabeth Aquino Rápalo, Manuel Alejandro Gutiérrez González, editores
250 _aPrimera edición
264 1 _aCiudad de México :
_bLAMBDA Editorial,
_c2026
300 _a322 páginas ;
_c21 cm
700 _aCasales García, Roberto,
_eeditor
_95464
700 _aAquino Rápalo, María Elizabeth,
_eeditor
700 _aGutiérrez González, Manuel Alejandro,
_eeditor
942 _2ddc
_cLI
_hxx
_ixx
999 _c42681
_d42681